000 00345nam a2200109Ia 4500
008 171211s9999 xx 000 0 und d
245 _aAdvanced Fitness Assessment and Exercise Prescription (7th edition)
245 _cAnn Gibson and Vivian Heyward
260 _c2014
650 _xFITNESS
856 _uhttp://down.ebook777.com/062/1450466001.pdf
999 _c349061
_d349061